| 000 | 00698nam a2200205 i 4500 | ||
|---|---|---|---|
| 001 | 49937 | ||
| 003 | ES-MaACL | ||
| 005 | 20230906162104.0 | ||
| 007 | t| | ||
| 008 | 030725s1926 sp ||||1| spa d | ||
| 100 | 1 |
_aCrespi Jaume, Miguel. _941507 |
|
| 245 | 1 | 3 |
_aLa absorción de gases por las paredes de vidrio. _nII, _pAmoniaco / _cJaume Miguel Crespi y E. Moles. |
| 260 |
_a[S.l. : _bs.n., _c1926] |
||
| 300 |
_a6 h. ; _c22 cm. |
||
| 595 | _aSeparata de: Anales de la Sociedad Española de Física y Química, t. 24. | ||
| 650 | 4 |
_aGases- _xAbsorción y adsorción. _9143447 |
|
| 650 | 4 |
_aAmoníaco. _9172952 |
|
| 700 | 1 |
_aMoles, Enrique ( _d1883-1953) _981864 |
|
| 852 |
_aES-MaACL _j1704-F-21 |
||
| 999 |
_c49937 _d49937 |
||